000
00242nam a22001217a 4500
008
181018b xxu||||| |||| 00| 0 eng d
041
_a
eng
080
_a
591
100
_a
7
101
_a
ZOO
245
_a
Tainer
_c
Paine.L
942
_2
udc
_c
BK
999
_c
50096
_d
50096